Click the Musical Instruments Quiz Stats

 Plays Quiz Updated Aug 4, 2017

Support Sporcle.
Go Orange.
Score 0/18 Timer 06:00
5 Plays Today
% Correct
Drum
94.8%
Triangle
94.7%
Electric Guitar
94.4%
Harp
93.9%
Organ
92.3%
Saxophone
92.2%
Piano
91.8%
Acoustic Guitar
91.6%
Trumpet
90.8%
% Correct
Cymbal
90.8%
Tuba
88%
French Horn
86.4%
Glockenspiel
82.7%
Cello
82.7%
Violin
81.7%
Clarinet
81.7%
Trombone
80.2%
Oboe
75.4%

You're not logged in!

Compare scores with friends on all Sporcle quizzes.
OR
Log In
Forgot?

From the Vault

Big 4 Sports Teams Formed Before 1960

by DJC_83

These teams are old enough to qualify for retirement.
Remove Ads.
Support Sporcle.
Get the best of Sporcle when you Go Orange. This ad-free experience offers more features, more stats, and more fun while also helping to support Sporcle. Thank you for becoming a member.

Show Comments

Extras

Top Quizzes Today


Score Distribution

Your Account Isn't Verified!

In order to create a playlist on Sporcle, you need to verify the email address you used during registration. Go to your Sporcle Settings to finish the process.

Report this User

Report this user for behavior that violates our Community Guidelines.

Details: